000 00694nam a2200253Ia 4500
003 OSt
005 20220927111951.0
006 a|||||r|||| 00| 0
007 ta
008 220926b |||||||| |||| 00| 0 eng d
024 _a90215
037 _cReports
040 _aRTL
_cRTL
_beng
041 _2eng
_aeng
082 _a"X9(J).438r, GD"
110 _aGovt of Burma. Agriculture (Deptt of--)
_9382898
245 0 _aReport
260 _a"Rangoon,"
_bSuptd Govt Printing
_c1924
300 _a38p.
_ccm.
650 _aAgricultural Industry
700 _aGovt of Burma. Agriculture (Deptt of--)
_9382899
942 _h"X9(J).438r, GD"
_cCC
999 _c699673
_d699673